1561 1759 1838 1288 1448 1997 1068 1382 1165 1286 1385 1206 1327 1350 1509 1512 1822 1053 1640 1250 1390 1795 1673 1176 1148 1949 1967 1208 1731 1637 1657 1309 1420 1137 1705 1147 1635 1552 1118 1145 1189 1800 1249 1451 1567 1219 1237 1703 1892 1717 1228 1690 1806 1170 1971 1190 1411 1316 1999 1641 1856 1789 1389 1751 1332 1877 1331 1423 1810 1059 1910 1940 1240 1981 1023 1804 1482 1973 1084 1152 1190 1977 1597 1657 1993 1186 1967 1222 1381 1445 1825 1283 1841 1178 1979 1341 1360 1689 1716 BCNSPRNW ULIB Ver.6.0+V

เปลี่ยนเป็นภาษาไทย

Change to English
 แสดงรายละเอียดบรรณานุกรม
  กลับหน้าหลัก

Brief Record : Get Marc (ISO 2709) : E-mail record : QR code < ปิดหน้าต่าง
LEADER : 00000nam 2200000uu 4500
001    13399120085
003     ULIB
008    120829s2549||||th 000 0 tha d
020    ^a9789749557099
090    ^aนว.^bส894ส 2549
100 0  ^aโสภาค สุวรรณ
245 00 ^aส้มพอหลวง 1/^cโสภาค สุวรรค
250    ^aพิมพ์ครั้งที่ 2
260    ^aกรุงเทพฯ :^bรวมสาส์น,^c2549
300    ^a532 หน้า
945    ^p0^l0^i16167
995    ^aกัณชพร
999    ^aใช้งานได้ทุกระบบ
รายการนี้ยังไม่มีแท็ก
คุณยังไม่ได้ล็อกอิน คุณสามารถมีกิจกรรมร่วมกับเว็บไซต์ได้ แต่ต้องล็อกอินก่อน ::
  ล็อกอิน

รายการสื่อสารสนเทศ

ลำดับที่ ประเภท เลขเรียก/บาร์โค้ด สถานที่ สถานะ
1. นวนิยาย
นวนิยาย
นว. ส894ส 2549  
  Barcode: 16167
ห้องสมุดวิทยาเขตสวรรค์ประชารักษ์
►นวนิยาย
บนชั้น
  ขอยืม

BibComment


ยังไม่เคยถูกคอมเมนท์

คอมเมนท์ทรัพยากรรายการนี้
  คอมเมนท์: ส้มพอหลวง 1 โสภา..


 Copyright 2026. Bcnsprnw @Library